000 00651cam a2200241 4500
008 090401t2001 xxu||||| |||| 00| 0 eng d
020 _a0721908020
035 _a(Sirsi) u99788
041 _aeng
050 _a346.4107
100 _aPalmer, J.
245 _aAnimal law : A concise guide to the law relating to animals
250 _a3rd ed.
260 _aCrayford, Kent
_bShaw & Sons Limited
_c2001
300 _axlii, 315p. ; 23cm.
650 _aANIMALS
650 _aPROPERTY-RURAL AND NATURAL ASSETS-AGRICULTURAL PROPERTY-LIVESTOCK
650 _aFARMING
650 _aHUNTING
690 _aLAW
942 _n0
948 _c23/03/1999
999 _c99455
_d99455